| 000 | 00664nam a2200193 i 4500 | ||
|---|---|---|---|
| 001 | 90323 | ||
| 003 | ES-MaACL | ||
| 005 | 20230906180418.0 | ||
| 007 | t| | ||
| 008 | 050120s1964 sp ||||1| spa d | ||
| 100 | 1 |
_aLedesma Criado, José. _971152 |
|
| 245 | 1 | 0 |
_aTemblor de mis días _b: (poemas) / _cJosé Ledesma Criado ; prólogo de Emilio Salcedo ; ilustraciones L. González Serra y Antonio Mayor. |
| 260 |
_aSalamanca : _b[s.n., _c1964] ( _fImp. Núñez) |
||
| 300 |
_a64 p., 4 lám. ; _c24 cm. |
||
| 700 | 1 |
_aSalcedo, Emilio. _9101838 |
|
| 700 | 1 |
_aGonzález Serra, L. _958967 |
|
| 700 | 1 |
_aMayor, Antonio. _979403 |
|
| 852 |
_aES-MaACL _jC-25249 _bR.54033 |
||
| 999 |
_c90323 _d90323 |
||